Normal view MARC view
  • Morris, Richard Brandon,

Entry Personal Name

Number of records used in: 1

001 - CONTROL NUMBER

  • control field: 109013

003 - CONTROL NUMBER IDENTIFIER

  • control field: NUST

005 - DATE AND TIME OF LATEST TRANSACTION

  • control field: 20230213125030.0

008 - FIXED-LENGTH DATA ELEMENTS

  • fixed length control field: 230213|| aca||aabn | a|a d

040 ## - CATALOGING SOURCE

  • Original cataloging agency: NUST
  • Transcribing agency: NUST

100 ## - HEADING--PERSONAL NAME

  • Personal name: Morris, Richard Brandon,
  • Dates associated with a name: 1904-

670 ## - SOURCE DATA FOUND

  • Source citation: Work cat.: (NUST)187522: Encyclopedia of American history /, c1982.
© 2023 Central Library, National University of Sciences and Technology. All Rights Reserved.